000 00965nam a2200277 i 4500
003 DO-SdBNP
005 20240823110423.0
007 ta
008 240823b2024 dr a|||| |||| 00| 0 spa d
020 _a9789945501902
040 _aDO-SdBNP
_bspa
_cBNPHU
_erda
082 4 _222
100 _aRuiz, Waleska,
_956377
_eautor
245 1 0 _aCon alas de mariposa
_cWaleska Ruíz ; prólogo, Estela Brioso ; ilustraciones, Lizader Jiménez, María Paola Rodríguez
264 _aSanto Domingo :
_bUniversidad Autónoma de Santo Domingo,
_c2024.
300 _a235 páginas :
_bilustraciones ;
_c21 cm.
336 _2rdacontent
_atexto
_btxt
337 _2rdamedia
_asin mediación
_bn
338 _2rdacarrier
_avolumen
_bnc
590 _aInventariado, 2024/BT
700 1 _aBrioso, Estela,
_eprólogo
_986388
700 1 _aJiménez, Lizader,
_eilustraciones
_986389
700 1 _aRodríguez, María Paola,
_eilustraciones
_986390
910 _aBtavárez
942 _2ddc
_cLBS1
999 _c57540
_d57540